000
00308nam a2200109Ia 4500
001
1272354
005
20260417151427.0
008
260417s9999 xx 000 0 und d
020
_a
9786255998798
245
0
_a
Yeniden Geleceğim – Mescid-i Aksa’ya Yolculuk
_c
Gönül Ayyıldız
260
_b
Ketebe Çocuk
999
_c
1272354
_d
1272354